National Anthem of Ireland - ''Amhrán na bhFiann'' - Statistics

General Stats
  • This quiz has been taken 19 times
  • The average score is 26 of 57
Answer Stats
Answer % Correct
Fianna
100%
atá
93%
Fáil,
87%
faoi
87%
Sinne
87%
ag
73%
dár
67%
Buíon
60%
Éirinn,
60%
gheall
60%
sinsear
60%
slua
60%
ár
53%
do
53%
Faoi
53%
feasta,
53%
na
53%
53%
ráinig
53%
thar
53%
a
47%
amhrán
47%
Anocht
47%
faoin
47%
Le
47%
mhóid
47%
sa
47%
saor,
47%
toinn
47%
bhFiann.
40%
faoin
40%
fhágfar
40%
Le
40%
40%
40%
Seantír
40%
théam
40%
ar
33%
báis
33%
bhearna
33%
bheith
33%
chun
33%
libh
33%
na
33%
tráill.
33%
bpiléar,
27%
chugainn,
27%
faoi
27%
gean
27%
Ghaeil,
27%
lámhach
27%
saoil,
27%
Seo
27%
tíorán
27%
bhaoil,
20%
canaig
20%
gunna-scréach
20%
No matching quizzes found
Score Distribution
Percent of People with Each Score
Percentile by Number Answered
Your Score History
You have not taken this quiz